Estadística para biología y ciencias de la salud /

Bibliographic Details
Main Author: Milton, J
Format: Libro
Language:English
Published: Madrid, España McGraw-Hill 1998
Edition:2a.ed.
Subjects:
Online Access:

MARC

LEADER 00000cam a2200000 a 4500
001 006744
003 UAHC_CL
005 20170803120258.0
008 010822b xx j 000 1 eng
020 |a 8448600606 
040 |a UAHC_CL  |c UAHC_CL  |d UAHC_CL 
082 0 4 |a 310 M662 
100 1 |a Milton, J 
245 1 0 |a Estadística para biología y ciencias de la salud /  |c J. Milton. 
250 |a 2a.ed. 
260 |c 1998  |b McGraw-Hill  |a Madrid, España 
300 |a 519 p. 
650 4 |a BIOLOGIA  |x ESTADISTICAS 
650 4 |a CIENCIAS DE LA SALUD 
900 |a 310 MIL 
942 |c BK 
952 |0 0  |1 0  |2 ddc  |4 0  |6 310_000000000000000_MIL  |7 0  |8 COMP  |9 14699  |a BC  |b BC  |c General  |d 2017-08-03  |l 1  |o 310 MIL  |p 1306676  |r 2026-01-13 00:00:00  |s 2025-05-26  |t 1  |w 2017-08-03  |y BK  |z También lo encuentras en bibliografias.academia.cl 
999 |c 6744  |d 6744